000
00193nam a2200073Ia 4500
008
170523s9999 xx 000 0 und d
100
_a
Gupta- J.M.L.
245
0
_a
Thermal Engineering
260
_a
Bharat Bharati Prakashan Meerut
999
_c
11876
_d
11876